000 00278nam a22001097a 4500
082 _a355.09 FAZ'M
100 _aFAZAL-UR-REHMAN SYED COLONEL
_973700
245 _aMILITARY HISTORY A SCIENTIFIC PERSPECTIVE
260 _aRAWALPINDI
_bBOKHARI
_c1979
300 _a115P
942 _cBK
999 _c579356
_d579356